| 000 | 00762nam a22002057a 4500 | ||
|---|---|---|---|
| 999 |
_c7426 _d7426 |
||
| 003 | AR-CdUCM | ||
| 008 | 190320b ||||| |||| 00| 0 spa d | ||
| 040 |
_aMUNICIPALIDAD PROVINCIAL DEL CUSCO _cBIBLIOTECA MUNICIPAL DEL CUSCO |
||
| 082 |
_a574 / _bP62 |
||
| 100 |
_aPi Suñer, Augusto _920946 |
||
| 245 | _aLos Fundamentos de la Biologia / | ||
| 260 |
_aArgentina : _bAmericalee , _c1943. |
||
| 300 |
_a382 páginas ; _c20 cm. |
||
| 505 | _aContenido : Materia y Energia en la Vida -- La Doctrina Celular -- El estimulo y la Excitacion -- Los Biocatalizadores -- El Metabolismo -- Crecimiento y Reproduccion... | ||
| 650 |
_aBiologia General _920947 |
||
| 650 |
_aBiologia _9881 |
||
| 650 |
_aCiencias Naturales _910176 |
||
| 942 |
_2ddc _cLIBROS |
||
| 945 | _artm | ||